[Event "Titled Tuesday intern op 02nd Apr Early"]
[Site "Chess.com INT"]
[Date "2024.04.02"]
[Round "7"]
[White "Mirzoev, Azer"]
[Black "Akesson, Ralf"]
[Result "1-0"]
[WhiteElo "2447"]
[BlackElo "2372"]
[PlyCount "53"]
[EventDate "2024.04.02"]
[EventType "swiss (blitz)"]
[EventRounds "11"]
[EventCountry "USA"]
[SourceTitle "CB15_2024"]
[SourceDate "2024.04.10"]
[SourceVersion "1"]
[SourceVersionDate "2024.04.10"]
[SourceQuality "1"]

1. d4 Nf6 2. Nf3 g6 3. Nc3 d5 4. Bf4 Bg7 5. Qd2 Ne4 6. Nxe4 dxe4 7. Ne5 Nd7 8. Nxd7 Bxd7 9. 0-0-0 0-0 10. f3 exf3 11. exf3 Be6 12. d5 Bd7 13. Bh6 Bxh6 14. Qxh6 e6 15. dxe6 fxe6 16. Bc4 Qe7 17. Rhe1 Rae8 18. h4 Bc8 19. Bb3 Kh8 20. Re5 Qg7 21. Qe3 Rf5 22. Re4 Qf6 23. Qxa7 Rf4 24. Qe3 Rxh4 25. Rxh4 Qxh4 26. Qe5+ Qf6 27. Qxf6+ 1-0

[Event "Titled Tuesday intern op 02nd Apr Early"]
[Site "Chess.com INT"]
[Date "2024.04.02"]
[Round "9"]
[White "Ruiz Aguilar, Pablo Alexander"]
[Black "Akesson, Ralf"]
[Result "1-0"]
[WhiteElo "2164"]
[BlackElo "2372"]
[PlyCount "89"]
[EventDate "2024.04.02"]
[EventType "swiss (blitz)"]
[EventRounds "11"]
[EventCountry "USA"]
[SourceTitle "CB15_2024"]
[SourceDate "2024.04.10"]
[SourceVersion "1"]
[SourceVersionDate "2024.04.10"]
[SourceQuality "1"]

1. e4 c5 2. Nf3 d6 3. d4 cxd4 4. Nxd4 Nf6 5. Nc3 a6 6. h3 e6 7. g4 b5 8. Bg2 Bb7 9. 0-0 Be7 10. Be3 Qc7 11. g5 Nfd7 12. f4 Nb6 13. Bf2 N8d7 14. Re1 0-0 15. a4 b4 16. Nce2 a5 17. Ng3 Rfe8 18. Nb5 Qb8 19. Qd4 e5 20. Qd3 exf4 21. Nf5 Ne5 22. Nxe7+ Rxe7 23. Qxd6 Qxd6 24. Nxd6 Nc8 25. Nf5 Re6 26. Red1 Ne7 27. Nd4 Rg6 28. h4 h6 29. Nf5 Re8 30. Bc5 Nc8 31. Nd6 Nxd6 32. Rxd6 Rxd6 33. Bxd6 f3 34. Bf1 hxg5 35. hxg5 Bxe4 36. Re1 Ng4 37. Bg3 f5 38. gxf6 Nxf6 39. Bc4+ Kh7 40. Bf2 Rd8 41. Bb3 Rd2 42. Bb6 Rg2+ 43. Kf1 Ng4 44. Rxe4 Nh2+ 45. Ke1 1-0

[Event "Vaxjo op"]
[Site "Vaxjo"]
[Date "2024.02.10"]
[Round "5"]
[White "Akesson, Ralf"]
[Black "Ostlund, Joar"]
[Result "0-1"]
[WhiteElo "2378"]
[BlackElo "2327"]
[PlyCount "70"]
[EventDate "2024.02.09"]
[EventType "swiss"]
[EventRounds "8"]
[EventCountry "SWE"]
[SourceTitle "CB07_2024"]
[SourceDate "2024.02.14"]
[SourceVersion "1"]
[SourceVersionDate "2024.02.14"]
[SourceQuality "1"]

1. c4 e6 2. Nf3 Nf6 3. g3 d5 4. Bg2 dxc4 5. Qa4+ Nbd7 6. Qxc4 c5 7. 0-0 b6 8. b3 Bb7 9. Bb2 Bd6 10. Qc2 0-0 11. d3 Rc8 12. Nbd2 Qc7 13. Nc4 Be7 14. a4 a6 15. e4 b5 16. Ne3 Bd6 17. axb5 axb5 18. Ra7 Be7 19. e5 Nd5 20. Nxd5 exd5 21. Nh4 Qb8 22. Rfa1 Bxh4 23. gxh4 Rc7 24. f4 d4 25. Bxb7 Rxb7 26. R7a6 Rb6 27. Qg2 b4 28. Qd5 Rxa6 29. Rxa6 Qb5 30. Qc4 Qb7 31. Ra1 Qf3 32. Rf1 Qg4+ 33. Kh1 Qe2 34. Rg1 Qxb2 35. Qd5 Qf2 0-1

[Event "Vaxjo op"]
[Site "Vaxjo"]
[Date "2024.02.10"]
[Round "6"]
[White "Jakenberg, Jussi"]
[Black "Akesson, Ralf"]
[Result "0-1"]
[WhiteElo "2039"]
[BlackElo "2378"]
[PlyCount "108"]
[EventDate "2024.02.09"]
[EventType "swiss"]
[EventRounds "8"]
[EventCountry "SWE"]
[SourceTitle "CB07_2024"]
[SourceDate "2024.02.14"]
[SourceVersion "1"]
[SourceVersionDate "2024.02.14"]
[SourceQuality "1"]

1. e4 c6 2. d4 d5 3. exd5 cxd5 4. Nf3 Nf6 5. Ne5 Nc6 6. Bb5 Qa5+ 7. Nc3 Qb6 8. 0-0 e6 9. Bf4 Be7 10. Re1 0-0 11. Bxc6 bxc6 12. Na4 Qb7 13. Re3 Re8 14. Nd3 Ne4 15. f3 Nd6 16. Nac5 Qb6 17. Bxd6 Bxd6 18. f4 Qd8 19. c3 a5 20. Qa4 Qc7 21. g3 Ba6 22. Nxa6 Rxa6 23. f5 Rf8 24. fxe6 fxe6 25. Kg2 Rf6 26. Rae1 Qf7 27. Qc2 Ra8 28. Qe2 Re8 29. Rf1 Rxf1 30. Qxf1 a4 31. Qxf7+ Kxf7 32. a3 Rc8 33. Kf3 c5 34. Nxc5 Bxc5 35. dxc5 Rxc5 36. Re2 Kf6 37. Ke3 e5 38. Kd3 Ke6 39. Rf2 Rb5 40. Kc2 Rb8 41. g4 e4 42. Rf5 g6 43. Rf2 Rc8 44. Kd2 Rc7 45. Ke3 Ke5 46. Rf8 Rb7 47. Rf2 Rb3 48. Rd2 g5 49. h3 h6 50. Kf2 Kf4 51. Rxd5 Rxb2+ 52. Ke1 Ra2 53. Rd6 Rxa3 54. Rxh6 Ke3 0-1

[Event "Rilton Cup 51st"]
[Site "Stockholm"]
[Date "2024.01.05"]
[Round "9"]
[White "Akesson, Ralf"]
[Black "Marn, Jan"]
[Result "0-1"]
[WhiteElo "2387"]
[BlackElo "2322"]
[PlyCount "60"]
[EventDate "2023.12.27"]
[EventType "swiss"]
[EventRounds "9"]
[EventCountry "SWE"]
[SourceTitle "CB02_2024"]
[SourceDate "2024.01.10"]
[SourceVersion "1"]
[SourceVersionDate "2024.01.10"]
[SourceQuality "1"]

1. d4 d5 2. c4 e6 3. Nf3 Nf6 4. Nc3 h6 5. a3 a6 6. e3 Be7 7. b4 0-0 8. Bb2 b6 9. Bd3 dxc4 10. Bxc4 Bb7 11. Qb3 Nbd7 12. Rd1 Qc8 13. 0-0 c5 14. Ne5 Nxe5 15. dxe5 Ng4 16. Nb1 Qc6 17. f3 cxb4 18. Rc1 Bc5 19. Bd4 Rfd8 20. axb4 Bxd4 21. exd4 Rac8 22. Qa3 Qd7 23. Rfd1 Nxe5 24. Bf1 Rxc1 25. Qxc1 Nc6 26. b5 Nxd4 27. bxa6 Bxa6 28. Nc3 Bxf1 29. Kxf1 Qc7 30. Qb2 Nf5 0-1

[Event "Rilton Cup 51st"]
[Site "Stockholm"]
[Date "2023.12.29"]
[Round "3"]
[White "Akesson, Ralf"]
[Black "Raja, Rithvik R"]
[Result "0-1"]
[WhiteElo "2387"]
[BlackElo "2500"]
[PlyCount "96"]
[EventDate "2023.12.27"]
[EventType "swiss"]
[EventRounds "9"]
[EventCountry "SWE"]
[SourceTitle "CB02_2024"]
[SourceDate "2024.01.10"]
[SourceVersion "1"]
[SourceVersionDate "2024.01.10"]
[SourceQuality "1"]

1. d4 d5 2. c4 e6 3. Nc3 c6 4. e3 Nf6 5. Nf3 Nbd7 6. Qc2 Bd6 7. Be2 0-0 8. b3 b6 9. 0-0 Bb7 10. Bb2 Qe7 11. Rad1 Rad8 12. Rfe1 Rfe8 13. h3 c5 14. cxd5 exd5 15. Bb5 a6 16. Bxd7 Nxd7 17. dxc5 Nxc5 18. Ne2 Qe4 19. Qc3 f6 20. Ned4 Bc8 21. Nc6 Rd7 22. Qd2 a5 23. Ncd4 Ba6 24. Rb1 Nd3 25. Red1 h6 26. a3 f5 27. Ne1 Nxb2 28. Qxb2 f4 29. exf4 Qxf4 30. Nef3 Rde7 31. b4 axb4 32. axb4 Bc4 33. Qc2 Re4 34. Qd2 Qf6 35. Qc2 Qf4 36. Qd2 Qf6 37. Qc3 Kh8 38. Nb5 Be5 39. Nxe5 Bxb5 40. f4 Rxf4 41. Rxd5 Be2 42. Qe3 Bh5 43. Re1 Kg8 44. Kh2 Rxb4 45. Nd7 Qf7 46. Qd2 Rxe1 47. Nf6+ Qxf6 48. Qxb4 Bf7 0-1

[Event "Rilton Cup 51st"]
[Site "Stockholm"]
[Date "2023.12.28"]
[Round "2"]
[White "Ljung, Harald"]
[Black "Akesson, Ralf"]
[Result "0-1"]
[WhiteElo "2120"]
[BlackElo "2387"]
[PlyCount "40"]
[EventDate "2023.12.27"]
[EventType "swiss"]
[EventRounds "9"]
[EventCountry "SWE"]
[SourceTitle "CB02_2024"]
[SourceDate "2024.01.10"]
[SourceVersion "1"]
[SourceVersionDate "2024.01.10"]
[SourceQuality "1"]

1. d4 Nf6 2. Nf3 g6 3. g3 c5 4. c3 b6 5. Bg2 Bb7 6. 0-0 Bg7 7. a4 0-0 8. Qb3 Qc7 9. Na3 Nc6 10. Bf4 d6 11. Nb5 Qd7 12. dxc5 bxc5 13. Rad1 Na5 14. Qa2 a6 15. Nxd6 exd6 16. Bxd6 Rfd8 17. Ne5 Qe8 18. Bh3 Rxd6 19. Rxd6 Qxe5 20. Rfd1 Qe4 0-1

[Event "Malmo op"]
[Site "Malmo"]
[Date "2023.12.16"]
[Round "5"]
[White "Akesson, Ralf"]
[Black "Hector, Jonny"]
[Result "1/2-1/2"]
[WhiteElo "2387"]
[BlackElo "2444"]
[PlyCount "35"]
[EventDate "2023.12.15"]
[EventType "swiss"]
[EventRounds "8"]
[EventCountry "SWE"]
[SourceTitle "CB51_2023"]
[SourceDate "2023.12.20"]
[SourceVersion "1"]
[SourceVersionDate "2023.12.20"]
[SourceQuality "1"]

1. Nf3 d5 2. e3 Bg4 3. c4 d4 4. exd4 e6 5. Be2 Nc6 6. Nc3 Nf6 7. 0-0 Be7 8. d3 Nxd4 9. Nxd4 Qxd4 10. Bxg4 Qxg4 11. Qa4+ c6 12. Qb3 0-0-0 13. Be3 Rxd3 14. Bxa7 Qh5 15. Rfd1 Rhd8 16. Bb6 Rxd1+ 17. Rxd1 Rxd1+ 18. Qxd1 1/2-1/2

[Event "Malmo op"]
[Site "Malmo"]
[Date "2023.12.15"]
[Round "3"]
[White "Engstrom, Kaj"]
[Black "Akesson, Ralf"]
[Result "0-1"]
[WhiteElo "2113"]
[BlackElo "2387"]
[PlyCount "64"]
[EventDate "2023.12.15"]
[EventType "swiss"]
[EventRounds "8"]
[EventCountry "SWE"]
[SourceTitle "CB51_2023"]
[SourceDate "2023.12.20"]
[SourceVersion "1"]
[SourceVersionDate "2023.12.20"]
[SourceQuality "1"]

1. e4 c6 2. d4 d5 3. exd5 cxd5 4. Bd3 Nc6 5. c3 e6 6. Nf3 Bd6 7. Bg5 Nge7 8. Nbd2 0-0 9. Bh4 Bd7 10. Bg3 Qc7 11. Ng5 h6 12. Qh5 Nf5 13. Bxd6 Qxd6 14. Ngf3 g6 15. Qh3 Kg7 16. g4 Nfe7 17. 0-0-0 b5 18. Rde1 b4 19. c4 dxc4 20. Nxc4 Qf4+ 21. Kb1 Nxd4 22. Nfe5 Bc6 23. Nxc6 Nexc6 24. Re4 Qf3 25. Qf1 Rad8 26. Re3 Qxg4 27. Rg1 Qf4 28. Re4 Qf6 29. Ne3 Nf3 30. Ka1 Nxg1 31. Ng4 Qg5 32. Be2 Nxe2 0-1

[Event "Stockholm Elite Hotels GP"]
[Site "Stockholm"]
[Date "2023.11.03"]
[Round "3"]
[White "Akesson, Ralf"]
[Black "Mashhadi, Peyman"]
[Result "1-0"]
[WhiteElo "2386"]
[BlackElo "2104"]
[PlyCount "104"]
[EventDate "2023.11.03"]
[EventType "swiss"]
[EventRounds "8"]
[EventCountry "SWE"]
[SourceTitle "Mega2024 Update 01"]
[Source "Chessbase"]
[SourceDate "2023.11.12"]
[SourceVersion "1"]
[SourceVersionDate "2023.11.12"]
[SourceQuality "1"]

1. d4 g6 2. c4 Bg7 3. e4 d6 4. Nc3 Nf6 5. h3 0-0 6. Nf3 Na6 7. Be3 e5 8. d5 Nc5 9. Nd2 a5 10. g4 h5 11. Be2 hxg4 12. hxg4 Nh7 13. Qc2 Bf6 14. 0-0-0 Bg5 15. Bxg5 Nxg5 16. Rh6 Kg7 17. Rdh1 Rg8 18. Nd1 Qf6 19. Kb1 Bd7 20. Qc3 Qf4 21. f3 b6 22. Qe3 Qxe3 23. Nxe3 Rh8 24. Rxh8 Rxh8 25. Rxh8 Kxh8 26. b3 Nh3 27. Kc2 Kg7 28. a3 Kf6 29. b4 axb4 30. axb4 Na6 31. Kc3 Nb8 32. Bf1 Nf4 33. Nb3 Kg5 34. c5 Kh4 35. cxd6 cxd6 36. Nc4 Bb5 37. Nbd2 Kg3 38. Nxd6 Bxf1 39. Nxf1+ Kxf3 40. g5 Ne2+ 41. Kc4 Kf2 42. Nd2 Ke3 43. Nxf7 Nd7 44. d6 Kxd2 45. Kd5 Nf4+ 46. Kc6 Nf8 47. d7 N4e6 48. d8Q+ Nxd8+ 49. Nxd8 Kc3 50. b5 Kd4 51. Kxb6 Kxe4 52. Kc7 Kd5 1-0

[Event "SWE-chT 2324 Elite"]
[Site "Sweden"]
[Date "2023.10.13"]
[Round "1.4"]
[White "Akesson, Ralf"]
[Black "Pantzar, Milton"]
[Result "0-1"]
[WhiteElo "2388"]
[BlackElo "2453"]
[PlyCount "120"]
[EventDate "2023.10.13"]
[EventType "team-tourn"]
[EventRounds "9"]
[EventCountry "SWE"]
[SourceTitle "Mega2024 Update 01"]
[Source "Chessbase"]
[SourceDate "2023.11.12"]
[SourceVersion "1"]
[SourceVersionDate "2023.11.12"]
[SourceQuality "1"]
[WhiteTeam "Vasteras"]
[BlackTeam "Lunds"]
[WhiteTeamCountry "SWE"]
[BlackTeamCountry "SWE"]

1. d4 d5 2. c4 e6 3. Nc3 Nf6 4. cxd5 exd5 5. Bg5 c6 6. e3 Be7 7. Qc2 0-0 8. Bd3 Nbd7 9. Nf3 Re8 10. 0-0 h6 11. Bf4 Nf8 12. h3 Bd6 13. Ne5 a6 14. Rad1 c5 15. Be2 cxd4 16. exd4 Ne6 17. Be3 Nxd4 18. Bxd4 Bxe5 19. Bf3 Qc7 20. Qb3 Bxd4 21. Rxd4 Be6 22. Nxd5 Bxd5 23. Bxd5 Nxd5 24. Rxd5 Re2 25. g3 Rae8 26. Rf5 R8e3 27. Qxf7+ Qxf7 28. Rxf7 Kxf7 29. fxe3+ Ke6 30. Rf2 Rxe3 31. Kg2 Ke5 32. Rc2 g5 33. Kf2 Rd3 34. Re2+ Kd5 35. Re3 Rd2+ 36. Re2 Rxe2+ 37. Kxe2 Ke4 38. g4 b6 39. a3 Kd4 40. Kd2 Kc4 41. Kc2 Kd4 42. Kd2 Ke4 43. Ke2 Kf4 44. Kf2 a5 45. a4 Ke4 46. Ke2 Kd4 47. Kd2 Kc4 48. Kc2 Kb4 49. b3 Kc5 50. Kc3 b5 51. axb5 Kxb5 52. Kc2 Kc6 53. Kb2 Kd5 54. Ka3 Kd4 55. Ka4 Kc3 56. Ka3 Kd3 57. Kb2 Kd2 58. Kb1 Kc3 59. Ka2 Kc2 60. Ka3 Kb1 0-1

[Event "Budapest FS09 IM"]
[Site "Budapest"]
[Date "2023.09.09"]
[Round "7"]
[White "Yamada, Kohei"]
[Black "Akesson, Ralf"]
[Result "1-0"]
[WhiteElo "2172"]
[BlackElo "2410"]
[PlyCount "79"]
[EventDate "2023.09.02"]
[EventType "tourn"]
[EventRounds "9"]
[EventCountry "HUN"]
[EventCategory "1"]
[SourceTitle "EXT 2024"]
[Source "ChessBase"]
[SourceDate "2023.10.10"]
[SourceVersion "1"]
[SourceVersionDate "2023.10.10"]
[SourceQuality "1"]

1. e4 e6 2. d4 d5 3. e5 b6 4. c3 Qd7 5. h4 Ba6 6. Bxa6 Nxa6 7. Ne2 Ne7 8. Nd2 c5 9. Nf3 Nc6 10. 0-0 Nc7 11. Re1 Be7 12. Bf4 h6 13. h5 0-0-0 14. dxc5 bxc5 15. b4 Kb7 16. bxc5 Bxc5 17. Ned4 Ka8 18. Rb1 Na5 19. Nb3 Nxb3 20. Rxb3 Rb8 21. Be3 Bxe3 22. Rxe3 Na6 23. Qd4 Qc7 24. Qg4 Rhg8 25. Nd4 Nc5 26. Rb5 Ne4 27. Rxb8+ Qxb8 28. Qf4 Rf8 29. c4 Nd2 30. cxd5 Qb1+ 31. Kh2 Nf1+ 32. Kh3 Nxe3 33. fxe3 exd5 34. e6 Qb7 35. Qd6 Re8 36. exf7 Rxe3+ 37. Kh2 Qxf7 38. Qc6+ Qb7 39. Qc5 Re5 40. Qf8+ 1-0

[Event "Budapest FS09 IM"]
[Site "Budapest"]
[Date "2023.09.05"]
[Round "4"]
[White "Yao, Lan"]
[Black "Akesson, Ralf"]
[Result "1-0"]
[WhiteElo "2315"]
[BlackElo "2410"]
[PlyCount "53"]
[EventDate "2023.09.02"]
[EventType "tourn"]
[EventRounds "9"]
[EventCountry "HUN"]
[EventCategory "1"]
[SourceTitle "EXT 2024"]
[Source "ChessBase"]
[SourceDate "2023.10.10"]
[SourceVersion "1"]
[SourceVersionDate "2023.10.10"]
[SourceQuality "1"]

1. e4 e6 2. d4 d5 3. Bd3 dxe4 4. Bxe4 Nf6 5. Bf3 Bd6 6. Ne2 0-0 7. Nbc3 Nbd7 8. Bg5 h6 9. Bh4 e5 10. Qd2 Re8 11. dxe5 Nxe5 12. 0-0-0 Nxf3 13. gxf3 Bf5 14. Rhg1 Kh8 15. Nd5 Be5 16. f4 Qxd5 17. Qxd5 Nxd5 18. Rxd5 Bd6 19. Rxf5 Rxe2 20. Rxf7 Rae8 21. a3 R8e4 22. Kb1 Bxf4 23. Rgxg7 Be5 24. Rh7+ Kg8 25. Bg3 a5 26. Bxe5 Rxe5 27. Rfg7+ 1-0

[Event "Budapest FS09 IM"]
[Site "Budapest"]
[Date "2023.09.03"]
[Round "2"]
[White "Persson, Mats"]
[Black "Akesson, Ralf"]
[Result "1/2-1/2"]
[WhiteElo "2311"]
[BlackElo "2410"]
[PlyCount "76"]
[EventDate "2023.09.02"]
[EventType "tourn"]
[EventRounds "9"]
[EventCountry "HUN"]
[EventCategory "1"]
[SourceTitle "EXT 2024"]
[Source "ChessBase"]
[SourceDate "2023.10.10"]
[SourceVersion "1"]
[SourceVersionDate "2023.10.10"]
[SourceQuality "1"]

1. e4 c5 2. Nf3 d6 3. Bb5+ Bd7 4. Bxd7+ Qxd7 5. 0-0 Nf6 6. Re1 Nc6 7. c3 e6 8. d3 Be7 9. Nbd2 0-0 10. Nf1 b5 11. Ng3 Qc7 12. h3 b4 13. c4 Nd7 14. Be3 Nde5 15. Nh2 Bh4 16. Ne2 a5 17. Rc1 Nd7 18. Qd2 e5 19. g3 Be7 20. g4 Nd4 21. Bxd4 cxd4 22. f4 Nc5 23. f5 Qd8 24. Nf3 h6 25. Rcd1 Bg5 26. Nxg5 Qxg5 27. Kg2 Qxd2 28. Rxd2 g5 29. Ng3 f6 30. Kf3 Kf7 31. Ke2 a4 32. Rb1 Rh8 33. Nh5 Rhg8 34. Rdd1 Ke7 35. Rdc1 Kf7 36. Kd2 Ke7 37. Ke2 Kf7 38. Kd2 Ke7 1/2-1/2

[Event "Riga Tech op-A"]
[Site "Riga"]
[Date "2023.08.11"]
[Round "7"]
[White "Akesson, Ralf"]
[Black "Salna, Aleksandras"]
[Result "1/2-1/2"]
[WhiteElo "2413"]
[BlackElo "2260"]
[PlyCount "100"]
[EventDate "2023.08.07"]
[EventType "swiss"]
[EventRounds "9"]
[EventCountry "LAT"]
[SourceTitle "CBM 215 Extra"]
[Source "ChessBase"]
[SourceDate "2023.09.30"]
[SourceVersion "1"]
[SourceVersionDate "2023.09.30"]
[SourceQuality "1"]

1. c4 c6 2. Nf3 d5 3. e3 Nf6 4. Qc2 g6 5. b3 Bg7 6. Bb2 Bg4 7. Be2 0-0 8. h3 Bxf3 9. Bxf3 Re8 10. d4 Nbd7 11. Nd2 e5 12. dxe5 Nxe5 13. Rd1 Nxf3+ 14. Nxf3 Ne4 15. Bxg7 Qa5+ 16. Kf1 Kxg7 17. cxd5 cxd5 18. Qb2+ Qc3 19. Qxc3+ Nxc3 20. Rd2 Rac8 21. g3 Ne4 22. Rb2 Rc1+ 23. Kg2 Rxh1 24. Kxh1 Rc8 25. Kg2 Kf6 26. Nd4 Ke5 27. f3 Nd6 28. Rd2 h5 29. Ne2 Nf5 30. Kf2 b6 31. g4 hxg4 32. hxg4 Ne7 33. f4+ Ke6 34. Nd4+ Kd7 35. e4 g5 36. f5 Kd6 37. f6 Ng8 38. Nf3 Ke6 39. e5 Rc3 40. Re2 Nh6 41. Kg3 d4 42. Re4 Rd3 43. Re1 Rc3 44. Rd1 d3 45. Rh1 Kd5 46. Rd1 Ke4 47. Re1+ Kd5 48. Rd1 Ke4 49. Re1+ Kd5 50. Rd1 Ke4 1/2-1/2

[Event "Riga Tech Rapid op"]
[Site "Riga"]
[Date "2023.08.06"]
[Round "8"]
[White "Akesson, Ralf"]
[Black "Jobava, Baadur"]
[Result "0-1"]
[WhiteElo "2413"]
[BlackElo "2574"]
[PlyCount "93"]
[EventDate "2023.08.06"]
[EventType "swiss (rapid)"]
[EventRounds "9"]
[EventCountry "LAT"]
[SourceTitle "CBM 215 Extra"]
[Source "ChessBase"]
[SourceDate "2023.09.30"]
[SourceVersion "1"]
[SourceVersionDate "2023.09.30"]
[SourceQuality "1"]

1. Nf3 d5 2. d4 Nf6 3. c4 dxc4 4. e3 Bg4 5. Bxc4 e6 6. 0-0 Bd6 7. Nbd2 0-0 8. b3 Nbd7 9. Bb2 Qe7 10. h3 Bxf3 11. Nxf3 Ba3 12. Qc1 Bxb2 13. Qxb2 c5 14. Rfd1 Rfd8 15. Rac1 h6 16. Bf1 cxd4 17. Nxd4 Ne5 18. Nb5 Nc6 19. g3 Rxd1 20. Rxd1 Rd8 21. Rxd8+ Qxd8 22. Bg2 Qd1+ 23. Kh2 Qd3 24. Bxc6 bxc6 25. Nc3 Nd7 26. Na4 c5 27. Qc3 Qf1 28. Qb2 h5 29. Nc3 Qd3 30. Ne2 g5 31. Kg2 Qe4+ 32. Kh2 Ne5 33. Ng1 g4 34. Qe2 Kg7 35. h4 Kg6 36. Qd2 Qd3 37. Qc1 Qf5 38. Qd2 Qd3 39. Qc1 c4 40. bxc4 Nxc4 41. e4 f6 42. Qf4 Qd2 43. Qb8 Qxf2+ 44. Kh1 f5 45. Qg8+ Kf6 46. Qh8+ Ke7 47. e5 0-1

[Event "Riga Tech Rapid op"]
[Site "Riga"]
[Date "2023.08.06"]
[Round "2"]
[White "Akesson, Ralf"]
[Black "Pfau, Beate"]
[Result "1-0"]
[WhiteElo "2413"]
[BlackElo "1992"]
[PlyCount "61"]
[EventDate "2023.08.06"]
[EventType "swiss (rapid)"]
[EventRounds "9"]
[EventCountry "LAT"]
[SourceTitle "CBM 215 Extra"]
[Source "ChessBase"]
[SourceDate "2023.09.30"]
[SourceVersion "1"]
[SourceVersionDate "2023.09.30"]
[SourceQuality "1"]

1. Nf3 Nf6 2. c4 c5 3. Nc3 Nc6 4. d4 cxd4 5. Nxd4 g6 6. e4 d6 7. Be2 Bg7 8. Be3 Bd7 9. Qd2 h6 10. 0-0 Nxd4 11. Bxd4 0-0 12. Rad1 Kh7 13. c5 Bc6 14. cxd6 exd6 15. Rfe1 Qe7 16. Bf1 a6 17. Bb6 Ng4 18. h3 Ne5 19. f4 Nd7 20. Bc7 Qh4 21. Bxd6 Rfe8 22. e5 Rad8 23. Qf2 Qxf2+ 24. Kxf2 Bf8 25. Bc4 Bxd6 26. Rxd6 Kg7 27. Red1 Kf8 28. Bxa6 Ke7 29. Bc4 f6 30. exf6+ Nxf6 31. Re6+ 1-0

[Event "Riga Tech Rapid op"]
[Site "Riga"]
[Date "2023.08.06"]
[Round "1"]
[White "Sandlers, Philipp"]
[Black "Akesson, Ralf"]
[Result "0-1"]
[WhiteElo "1797"]
[BlackElo "2413"]
[PlyCount "44"]
[EventDate "2023.08.06"]
[EventType "swiss (rapid)"]
[EventRounds "9"]
[EventCountry "LAT"]
[SourceTitle "CBM 215 Extra"]
[Source "ChessBase"]
[SourceDate "2023.09.30"]
[SourceVersion "1"]
[SourceVersionDate "2023.09.30"]
[SourceQuality "1"]

1. d4 Nf6 2. c4 g6 3. Nc3 d5 4. Nf3 Bg7 5. Qb3 dxc4 6. Qxc4 0-0 7. e4 Na6 8. Be2 c5 9. d5 e6 10. 0-0 exd5 11. exd5 Bf5 12. Be3 Qb6 13. b3 Rac8 14. Rad1 Ne8 15. Nb5 Nb8 16. Bf4 a6 17. Nc3 Qa5 18. Ne4 b5 19. Qc2 Qb4 20. Nfd2 Nf6 21. Nxf6+ Bxf6 22. Bd3 Qxf4 0-1

[Event "Dortmund Sparkassen op 50th"]
[Site "Dortmund"]
[Date "2023.07.02"]
[Round "9"]
[White "Bluebaum, Matthias"]
[Black "Akesson, Ralf"]
[Result "1-0"]
[WhiteElo "2672"]
[BlackElo "2402"]
[PlyCount "75"]
[EventDate "2023.06.24"]
[EventType "swiss"]
[EventRounds "9"]
[EventCountry "GER"]
[SourceTitle "CBM 215 Extra"]
[Source "ChessBase"]
[SourceDate "2023.09.30"]
[SourceVersion "1"]
[SourceVersionDate "2023.09.30"]
[SourceQuality "1"]

1. d4 Nf6 2. c4 g6 3. Nc3 d5 4. cxd5 Nxd5 5. e4 Nxc3 6. bxc3 Bg7 7. Bc4 c5 8. Ne2 Nc6 9. Be3 0-0 10. 0-0 Bg4 11. f3 Na5 12. Bd3 cxd4 13. cxd4 Be6 14. Qd2 Nc4 15. Bxc4 Bxc4 16. Rfd1 b5 17. Ng3 e6 18. Bh6 a5 19. e5 Bd5 20. Ne4 Bxe4 21. fxe4 Rc8 22. Bxg7 Kxg7 23. d5 Rc4 24. Qf4 exd5 25. Rxd5 Qb6+ 26. Kh1 Rc2 27. Rf1 Qe6 28. Rd6 Qe7 29. h4 Rc5 30. Rd5 Kg8 31. h5 Rc2 32. h6 Rxa2 33. Rd7 Qe6 34. Rfd1 Qb6 35. e6 Qxe6 36. Rd8 Qe7 37. Rxf8+ Qxf8 38. Qg5 1-0

[Event "Dortmund Sparkassen op 50th"]
[Site "Dortmund"]
[Date "2023.06.27"]
[Round "4"]
[White "Akesson, Ralf"]
[Black "Safarli, Eltaj"]
[Result "1/2-1/2"]
[WhiteElo "2402"]
[BlackElo "2609"]
[PlyCount "111"]
[EventDate "2023.06.24"]
[EventType "swiss"]
[EventRounds "9"]
[EventCountry "GER"]
[SourceTitle "CBM 215 Extra"]
[Source "ChessBase"]
[SourceDate "2023.09.30"]
[SourceVersion "1"]
[SourceVersionDate "2023.09.30"]
[SourceQuality "1"]

1. d4 Nf6 2. c4 b6 3. Nc3 Bb7 4. d5 e6 5. a3 g6 6. Nf3 Bg7 7. e4 d6 8. Be2 0-0 9. 0-0 Re8 10. Bg5 h6 11. Be3 Nbd7 12. Nd2 a5 13. Rc1 exd5 14. cxd5 Nc5 15. Bb5 Re7 16. f3 a4 17. Bf2 Ba6 18. Bxa6 Rxa6 19. Qc2 Qd7 20. Na2 Ra8 21. Nb4 Nh5 22. Nc6 Ree8 23. Rce1 Nf4 24. Bd4 f5 25. Qc3 fxe4 26. fxe4 Ncd3 27. Re3 Qg4 28. g3 Nh3+ 29. Kg2 Ne5 30. Bxe5 dxe5 31. Nf3 Nf4+ 32. Kh1 Rf8 33. Ncxe5 Qh3 34. Rg1 Nh5 35. Qc6 Nf6 36. Qe6+ Qxe6 37. dxe6 Rfe8 38. Nd4 Ng4 39. Nxg4 Bxd4 40. Rd3 c5 41. Rxd4 cxd4 42. Nf6+ Kf8 43. Nxe8 Kxe8 44. Rc1 Ke7 45. Kg2 Rd8 46. Kf2 Kxe6 47. Rc4 Ke5 48. Rxa4 Kxe4 49. Ke2 Rc8 50. Kd2 Rf8 51. Ke2 Rf5 52. Ra8 d3+ 53. Ke1 Rc5 54. Re8+ Kf5 55. Rf8+ Ke4 56. Re8+ 1/2-1/2

[Event "SWE-chT 2223 Elite"]
[Site "Sweden"]
[Date "2023.03.12"]
[Round "9.3"]
[White "Akesson, Ralf"]
[Black "Haubro, Martin"]
[Result "1/2-1/2"]
[WhiteElo "2410"]
[BlackElo "2398"]
[PlyCount "85"]
[EventDate "2022.10.14"]
[EventType "team-tourn"]
[EventRounds "9"]
[EventCountry "SWE"]
[SourceTitle "CBM 213 Extra"]
[Source "ChessBase"]
[SourceDate "2023.05.31"]
[SourceVersion "1"]
[SourceVersionDate "2023.05.31"]
[SourceQuality "1"]
[WhiteTeam "Vasteras"]
[BlackTeam "Limhamn"]
[WhiteTeamCountry "SWE"]
[BlackTeamCountry "SWE"]

1. Nf3 d5 2. d4 Nf6 3. c4 e6 4. g3 Bb4+ 5. Bd2 Be7 6. Bg2 0-0 7. 0-0 Nbd7 8. Qc2 c6 9. Rc1 a5 10. b3 b6 11. Nc3 Ba6 12. cxd5 cxd5 13. a4 Rc8 14. Qb2 Rc6 15. Bf1 Qa8 16. e3 Bxf1 17. Kxf1 Rfc8 18. Nb5 Ne4 19. Ke2 g5 20. h3 h6 21. Rxc6 Rxc6 22. Rc1 Kg7 23. Rxc6 Qxc6 24. Qc1 Qxc1 25. Bxc1 f5 26. g4 Kg6 27. Nc7 fxg4 28. hxg4 Kf7 29. Nb5 Nd6 30. Na7 Bf6 31. Ba3 Ne4 32. Nb5 Be7 33. Bxe7 Kxe7 34. Ne1 Ndf6 35. f3 Nd6 36. Nxd6 Kxd6 37. Nd3 Ke7 38. Ne5 Nd7 39. Nc6+ Kd6 40. Na7 Nf6 41. Nb5+ Kd7 42. Nc3 Ke7 43. Kd3 1/2-1/2